[Event "San Jose 1000 GM Spring Break 1A"]
[Site "San Jose"]
[Date "2024.03.29"]
[Round "1.2"]
[White "Sivakumar, Shaashwath"]
[Black "Arenas Vanegas, David"]
[Result "1/2-1/2"]
[WhiteElo "2277"]
[BlackElo "2366"]
[PlyCount "88"]
[EventDate "2024.03.29"]
[EventType "schev"]
[EventRounds "5"]
[EventCountry "USA"]
[SourceTitle "CB16_2024"]
[SourceDate "2024.04.17"]
[SourceVersion "1"]
[SourceVersionDate "2024.04.17"]
[SourceQuality "1"]

1. d4 Nf6 2. c4 e6 3. g3 Bb4+ 4. Bd2 Qe7 5. Nf3 Nc6 6. Nc3 0-0 7. Bg2 Bxc3 8. Bxc3 Ne4 9. Rc1 a5 10. 0-0 Nxc3 11. Rxc3 d6 12. d5 Nb4 13. a3 Na6 14. dxe6 fxe6 15. Re3 e5 16. Nd4 c6 17. f4 Bg4 18. h3 Bh5 19. Nf3 Bxf3 20. exf3 Qc7 21. fxe5 dxe5 22. Qe2 Rae8 23. f4 Nc5 24. Kh1 Re6 25. b4 axb4 26. axb4 Nd7 27. c5 Rfe8 28. Re1 Kh8 29. Bf3 e4 30. Bh5 Ra8 31. Rxe4 Rxe4 32. Qxe4 Nf6 33. Qe6 Qb8 34. Bf3 Qa7 35. Qe3 Qa3 36. Qxa3 Rxa3 37. Kg2 Rb3 38. Rd1 h5 39. Rd4 Rb2+ 40. Kf1 Rb3 41. Kf2 Rb2+ 42. Be2 Nd5 43. Kf1 Ne3+ 44. Kf2 Nd5 1/2-1/2

[Event "Sunnyvale 1000 IM Winter 12"]
[Site "Sunnyvale"]
[Date "2023.12.29"]
[Round "6"]
[White "Sivakumar, Shaashwath"]
[Black "Calderin Gonzalez, Roberto"]
[Result "1-0"]
[WhiteElo "2205"]
[BlackElo "2413"]
[PlyCount "73"]
[EventDate "2023.12.26"]
[EventType "schev"]
[EventRounds "9"]
[EventCountry "USA"]
[SourceTitle "CB01_2024"]
[SourceDate "2024.01.03"]
[SourceVersion "1"]
[SourceVersionDate "2024.01.03"]
[SourceQuality "1"]

1. d4 g6 2. c4 Bg7 3. e4 d6 4. Nc3 Nc6 5. Nge2 e5 6. d5 Nce7 7. Ng3 f5 8. exf5 Nxf5 9. Bd3 Nge7 10. Bg5 0-0 11. Qd2 c6 12. Be4 c5 13. h4 Nxg3 14. fxg3 Bg4 15. Nd1 Bxd1 16. Rxd1 Qd7 17. Qd3 Nf5 18. 0-0 h6 19. Bd2 h5 20. Rf2 Rf7 21. Rdf1 Raf8 22. a3 Qe8 23. Bg5 Qd7 24. b3 a6 25. b4 b6 26. bxc5 bxc5 27. g4 hxg4 28. h5 g3 29. Rf3 Nd4 30. Rxf7 Rxf7 31. Bxg6 Rf4 32. h6 Bxh6 33. Rxf4 exf4 34. Bxh6 Qg4 35. Qb1 Nb5 36. cxb5 Qh4 37. Qe4 1-0

[Event "Titled Tuesday intern op 26th Sep Late"]
[Site "Chess.com INT"]
[Date "2023.09.26"]
[Round "3"]
[White "Sivakumar, Shaashwath"]
[Black "Fiorito, Francisco"]
[Result "1-0"]
[WhiteElo "2207"]
[BlackElo "2339"]
[PlyCount "65"]
[EventDate "2023.09.26"]
[EventType "swiss (blitz)"]
[EventRounds "11"]
[EventCountry "USA"]
[SourceTitle "EXT 2024"]
[Source "ChessBase"]
[SourceDate "2023.10.10"]
[SourceVersion "1"]
[SourceVersionDate "2023.10.10"]
[SourceQuality "1"]

1. d4 Nf6 2. c4 b6 3. Nf3 Bb7 4. g3 g6 5. Bg2 Bg7 6. 0-0 0-0 7. Re1 d6 8. Qc2 Nbd7 9. e4 e5 10. d5 a5 11. Nc3 h6 12. h3 Nh5 13. Be3 f5 14. exf5 gxf5 15. Ne2 Qf6 16. g4 fxg4 17. hxg4 Nf4 18. Nxf4 exf4 19. Bd4 Qf7 20. Re6 Rfb8 21. Rg6 Re8 22. Rxg7+ Qxg7 23. Bxg7 Kxg7 24. Nd4 Ne5 25. Ne6+ Rxe6 26. dxe6 f3 27. Bh3 Re8 28. g5 hxg5 29. Qf5 Bc8 30. Qxg5+ Kh8 31. Qh5+ Kg7 32. Qxe8 Bd7 33. exd7 1-0

[Event "Titled Tuesday intern op 19th Sep Late"]
[Site "Chess.com INT"]
[Date "2023.09.19"]
[Round "2"]
[White "Demina, Marya"]
[Black "Sivakumar, Shaashwath"]
[Result "0-1"]
[WhiteElo "1890"]
[BlackElo "2207"]
[PlyCount "70"]
[EventDate "2023.09.19"]
[EventType "swiss (blitz)"]
[EventRounds "11"]
[EventCountry "USA"]
[SourceTitle "EXT 2024"]
[Source "ChessBase"]
[SourceDate "2023.10.10"]
[SourceVersion "1"]
[SourceVersionDate "2023.10.10"]
[SourceQuality "1"]

1. d4 e6 2. Nf3 Nf6 3. Bg5 b5 4. e3 a6 5. Nbd2 Bb7 6. c3 h6 7. Bh4 g5 8. Bg3 Bg7 9. Bd3 d6 10. e4 Nh5 11. Qe2 Nd7 12. Qe3 Qe7 13. a4 c6 14. h4 Nxg3 15. fxg3 g4 16. Ng1 h5 17. Ne2 Bh6 18. Qf2 e5 19. d5 cxd5 20. exd5 Nc5 21. Nc1 e4 22. Nxe4 Nxd3+ 23. Nxd3 Bxd5 24. 0-0 Bxe4 25. Nf4 Bxf4 26. Qxf4 f5 27. axb5 a5 28. Rfd1 d5 29. b6 Qc5+ 30. Qf2 Qxf2+ 31. Kxf2 Kd7 32. c4 Kc6 33. cxd5+ Kxb6 34. d6 Rhd8 35. Ra4 Bc2 0-1

[Event "Titled Tuesday intern op 05th Sep Late"]
[Site "Chess.com INT"]
[Date "2023.09.05"]
[Round "1"]
[White "Sivakumar, Shaashwath"]
[Black "Rasulov, Vugar Ural Oglu"]
[Result "0-1"]
[WhiteElo "2207"]
[BlackElo "2538"]
[PlyCount "68"]
[EventDate "2023.09.05"]
[EventType "swiss (blitz)"]
[EventRounds "11"]
[EventCountry "USA"]
[SourceTitle "EXT 2024"]
[Source "ChessBase"]
[SourceDate "2023.10.10"]
[SourceVersion "1"]
[SourceVersionDate "2023.10.10"]
[SourceQuality "1"]

1. d4 Nf6 2. c4 e6 3. g3 c5 4. d5 exd5 5. cxd5 d6 6. Nc3 g6 7. Bg2 Bg7 8. Nf3 0-0 9. 0-0 Na6 10. Bf4 Nc7 11. a4 b6 12. Re1 Re8 13. e4 Bg4 14. h3 Bxf3 15. Qxf3 Nh5 16. Be3 Qe7 17. g4 Nf6 18. Qg3 Nd7 19. f4 g5 20. fxg5 a6 21. e5 Nxe5 22. Rad1 b5 23. Ne4 bxa4 24. Nxc5 Rab8 25. Nxa4 Qd7 26. Nb6 Qb5 27. Bf1 Qb3 28. Qf2 Nb5 29. Bg2 Nd3 30. Qf5 Nxe1 31. Rxe1 Rxe3 32. Rf1 Re7 33. Be4 Qe3+ 34. Rf2 Qxe4 0-1

[Event "Titled Tuesday intern op 05th Sep Late"]
[Site "Chess.com INT"]
[Date "2023.09.05"]
[Round "5"]
[White "Slavin, Alexei"]
[Black "Sivakumar, Shaashwath"]
[Result "0-1"]
[WhiteElo "2364"]
[BlackElo "2207"]
[PlyCount "146"]
[EventDate "2023.09.05"]
[EventType "swiss (blitz)"]
[EventRounds "11"]
[EventCountry "USA"]
[SourceTitle "EXT 2024"]
[Source "ChessBase"]
[SourceDate "2023.10.10"]
[SourceVersion "1"]
[SourceVersionDate "2023.10.10"]
[SourceQuality "1"]

1. e4 c5 2. g3 Nc6 3. Bg2 g6 4. Ne2 Bg7 5. 0-0 d6 6. Nbc3 e6 7. a3 Nge7 8. Rb1 b6 9. b4 Bb7 10. d3 0-0 11. Bd2 Rb8 12. Qc1 Qd7 13. Bh6 Nd4 14. Bxg7 Kxg7 15. Nxd4 cxd4 16. Ne2 e5 17. c4 dxc3 18. Nxc3 d5 19. exd5 Nxd5 20. Ne4 f5 21. Ng5 h6 22. Nf3 Rfe8 23. Re1 e4 24. dxe4 fxe4 25. Qb2+ Kh7 26. Ne5 Qc7 27. Rxe4 Nc3 28. Rc4 Qxe5 29. Qxc3 Qxc3 30. Rxc3 Bxg2 31. Kxg2 Rb7 32. Rbc1 Ree7 33. h4 h5 34. b5 Rbd7 35. Rc8 Rf7 36. R1c2 Rd3 37. R8c3 Rd5 38. a4 Rdd7 39. Rc4 Kh6 40. Re2 Kg7 41. Re6 Rd2 42. Rf4 Rxf4 43. gxf4 Rd4 44. Re7+ Kf6 45. Rxa7 Rxf4 46. Kg3 Rg4+ 47. Kh3 Kf5 48. Rb7 Rxa4 49. Rxb6 Ra2 50. Kg2 Ra4 51. Kg3 Rg4+ 52. Kh3 Rf4 53. Kg3 Rg4+ 54. Kh3 Rb4 55. Rb8 Kf4 56. Rg8 Rb3+ 57. Kg2 Kf5 58. Rf8+ Kg4 59. Rg8 Rxb5 60. Rxg6+ Kxh4 61. Rg8 Rb3 62. Rg7 Ra3 63. Rg6 Ra4 64. Rg7 Rf4 65. Rg6 Ra4 66. Rg8 Rb4 67. Rg7 Rc4 68. Re7 Rg4+ 69. Kh2 Rf4 70. Kg2 Rg4+ 71. Kh2 Ra4 72. Re4+ Rxe4 73. Kg2 Rg4+ 0-1

[Event "Titled Tuesday intern op 05th Sep Late"]
[Site "Chess.com INT"]
[Date "2023.09.05"]
[Round "7"]
[White "Weetik, Vjacheslav"]
[Black "Sivakumar, Shaashwath"]
[Result "1-0"]
[WhiteElo "2423"]
[BlackElo "2207"]
[PlyCount "101"]
[EventDate "2023.09.05"]
[EventType "swiss (blitz)"]
[EventRounds "11"]
[EventCountry "USA"]
[SourceTitle "EXT 2024"]
[Source "ChessBase"]
[SourceDate "2023.10.10"]
[SourceVersion "1"]
[SourceVersionDate "2023.10.10"]
[SourceQuality "1"]

1. d4 d5 2. Bf4 Nf6 3. e3 e6 4. Nd2 Bd6 5. Ngf3 c5 6. c3 0-0 7. Bd3 Qc7 8. Bxd6 Qxd6 9. Ne5 Nfd7 10. f4 Nc6 11. 0-0 f5 12. Qh5 Nf6 13. Qh4 Qc7 14. Ndf3 c4 15. Bc2 Nxe5 16. dxe5 Ne4 17. Nd4 Nc5 18. g4 Qf7 19. Rf2 Kh8 20. Rg2 g6 21. Kh1 Bd7 22. Rag1 Rg8 23. Rg3 b5 24. h3 a5 25. Qh6 Qf8 26. Qh4 Qd8 27. Qxd8 Raxd8 28. h4 b4 29. h5 bxc3 30. bxc3 Rb8 31. hxg6 hxg6 32. Rh3+ Kg7 33. gxf5 exf5 34. Bxf5 Bxf5 35. Nxf5+ Kf8 36. Nd6 Nd3 37. Rh7 Rg7 38. Rh8+ Rg8 39. Rxg8+ Kxg8 40. Rxg6+ Kh7 41. Rf6 Rb1+ 42. Kg2 Rb2+ 43. Kg3 Re2 44. Nf5 Nc5 45. Rh6+ Kg8 46. e6 Ne4+ 47. Kh3 Nf2+ 48. Kh4 Ne4 49. e7 Rh2+ 50. Kg4 Rg2+ 51. Kh3 1-0

[Event "Sunnyvale Silicon Valley Fall op"]
[Site "Sunnyvale"]
[Date "2023.09.04"]
[Round "9"]
[White "Deng, Henry"]
[Black "Sivakumar, Shaashwath"]
[Result "1/2-1/2"]
[WhiteElo "2301"]
[BlackElo "2207"]
[PlyCount "74"]
[EventDate "2023.08.31"]
[EventType "swiss"]
[EventRounds "9"]
[EventCountry "USA"]
[SourceTitle "EXT 2024"]
[Source "ChessBase"]
[SourceDate "2023.10.10"]
[SourceVersion "1"]
[SourceVersionDate "2023.10.10"]
[SourceQuality "1"]

1. e4 c5 2. Nc3 d6 3. Bb5+ Nd7 4. Be2 Ngf6 5. f4 g6 6. Nf3 Bg7 7. d3 Qc7 8. 0-0 a6 9. a4 b6 10. Qe1 Bb7 11. Qg3 h6 12. Bd2 e6 13. Nh4 0-0-0 14. f5 exf5 15. Nxf5 gxf5 16. Qxg7 fxe4 17. dxe4 Nxe4 18. Nxe4 Bxe4 19. Bxa6+ Kb8 20. Qc3 Rhg8 21. Rf2 Ne5 22. Bf4 Rg4 23. Be2 Rg6 24. Bg3 Rdg8 25. a5 b5 26. Rd1 b4 27. Qe3 f5 28. c3 h5 29. Bxh5 Rg5 30. Bf3 Rxg3 31. hxg3 Rxg3 32. Kf1 Ng4 33. Qf4 Nxf2 34. Kxf2 Bxf3 35. gxf3 Rg6 36. Rg1 Rxg1 37. Kxg1 bxc3 1/2-1/2

[Event "Sunnyvale Silicon Valley Fall op"]
[Site "Sunnyvale"]
[Date "2023.09.04"]
[Round "8"]
[White "Sivakumar, Shaashwath"]
[Black "Kunka, Harshid"]
[Result "1/2-1/2"]
[WhiteElo "2207"]
[BlackElo "2359"]
[PlyCount "81"]
[EventDate "2023.08.31"]
[EventType "swiss"]
[EventRounds "9"]
[EventCountry "USA"]
[SourceTitle "EXT 2024"]
[Source "ChessBase"]
[SourceDate "2023.10.10"]
[SourceVersion "1"]
[SourceVersionDate "2023.10.10"]
[SourceQuality "1"]

1. d4 d5 2. c4 e6 3. Nf3 Nf6 4. g3 Be7 5. Bg2 0-0 6. 0-0 c6 7. Qc2 b6 8. Nbd2 Bb7 9. e4 Na6 10. a3 c5 11. exd5 exd5 12. dxc5 Nxc5 13. b4 Ne6 14. Bb2 a5 15. Qb3 dxc4 16. Nxc4 Bd5 17. Nfe5 Bxg2 18. Kxg2 Qd5+ 19. Qf3 axb4 20. Nc6 Bd8 21. Qxd5 Nxd5 22. axb4 Rc8 23. b5 Bf6 24. Bxf6 gxf6 25. Rfd1 Nec7 26. Nd6 Ra8 27. Rac1 Ra2 28. Rd3 Re2 29. Kf3 Rb2 30. Rcd1 Nb4 31. Ne7+ Kh8 32. Rc3 Ne6 33. Nec8 Nc2 34. Nxb6 Ncd4+ 35. Kg2 Nxb5 36. Nxb5 Rxb5 37. Rd6 Kg7 38. Nd5 Rd8 39. Rxd8 Nxd8 40. Rd3 Ne6 41. h4 1/2-1/2

[Event "Titled Tuesday intern op 29th Aug Late"]
[Site "Chess.com INT"]
[Date "2023.08.29"]
[Round "1"]
[White "Fawzy, Adham"]
[Black "Sivakumar, Shaashwath"]
[Result "0-1"]
[WhiteElo "2533"]
[BlackElo "2207"]
[PlyCount "120"]
[EventDate "2023.08.29"]
[EventType "swiss (blitz)"]
[EventRounds "11"]
[EventCountry "USA"]
[SourceTitle "EXT 2024"]
[Source "ChessBase"]
[SourceDate "2023.10.10"]
[SourceVersion "1"]
[SourceVersionDate "2023.10.10"]
[SourceQuality "1"]

1. e4 c5 2. Nf3 d6 3. d4 cxd4 4. Nxd4 Nf6 5. Nc3 a6 6. Bg5 Nbd7 7. Bc4 Qb6 8. Bb3 e6 9. Bxf6 Nxf6 10. Qd2 Be7 11. 0-0-0 Nd7 12. f4 Nc5 13. Rhe1 Qc7 14. Nf5 0-0 15. Nxe7+ Qxe7 16. Qxd6 Qxd6 17. Rxd6 b5 18. Rc6 Nxb3+ 19. axb3 b4 20. Na4 Bd7 21. Rc7 Bb5 22. Rd1 Rad8 23. Rxd8 Rxd8 24. c4 bxc3 25. bxc3 Bf1 26. g3 h5 27. Nc5 g6 28. c4 Rd4 29. Kc2 Bg2 30. Kc3 Rd1 31. e5 Rh1 32. Nxa6 Rxh2 33. b4 Rh3 34. b5 Rxg3+ 35. Kb4 h4 36. Rd7 h3 37. Rd1 h2 38. b6 Bb7 39. Nc5 Bc6 40. b7 Bxb7 41. Nxb7 Rg1 42. Rd8+ Kg7 43. Nd6 h1Q 44. Ne8+ Kh6 45. Nf6 Rb1+ 46. Kc5 Qg1+ 47. Kd6 Rd1+ 48. Ke7 Rxd8 49. Kxd8 Qd4+ 50. Ke7 Qxc4 51. Kxf7 Qxf4 52. Kxe6 Qf5+ 53. Kd6 Kg7 54. Ne8+ Kf8 55. Nc7 Qd3+ 56. Nd5 g5 57. e6 g4 58. e7+ Ke8 59. Ke6 Qxd5+ 60. Kxd5 g3 0-1

[Event "Titled Tuesday intern op 29th Aug Late"]
[Site "Chess.com INT"]
[Date "2023.08.29"]
[Round "3"]
[White "Sivakumar, Shaashwath"]
[Black "Plazuelo Pascual, Juan"]
[Result "0-1"]
[WhiteElo "2207"]
[BlackElo "2454"]
[PlyCount "48"]
[EventDate "2023.08.29"]
[EventType "swiss (blitz)"]
[EventRounds "11"]
[EventCountry "USA"]
[SourceTitle "EXT 2024"]
[Source "ChessBase"]
[SourceDate "2023.10.10"]
[SourceVersion "1"]
[SourceVersionDate "2023.10.10"]
[SourceQuality "1"]

1. d4 Nf6 2. c4 g6 3. Nc3 d5 4. cxd5 Nxd5 5. e4 Nxc3 6. bxc3 Bg7 7. Nf3 c5 8. Rb1 0-0 9. Be2 Bg4 10. Be3 Nc6 11. d5 Bxc3+ 12. Bd2 Bxd2+ 13. Qxd2 Bxf3 14. gxf3 Nd4 15. Rxb7 Rb8 16. Rxb8 Qxb8 17. 0-0 Qf4 18. Qd3 Rb8 19. Bd1 h5 20. Qe3 g5 21. Kg2 Rb2 22. Qa3 Rd2 23. Re1 g4 24. fxg4 Qxf2+ 0-1

[Event "Titled Tuesday intern op 22nd Aug Late"]
[Site "Chess.com INT"]
[Date "2023.08.22"]
[Round "1"]
[White "Mikaelyan, Arman"]
[Black "Sivakumar, Shaashwath"]
[Result "1-0"]
[WhiteElo "2521"]
[BlackElo "2207"]
[PlyCount "71"]
[EventDate "2023.08.22"]
[EventType "swiss (blitz)"]
[EventRounds "11"]
[EventCountry "USA"]
[SourceTitle "EXT 2024"]
[Source "ChessBase"]
[SourceDate "2023.10.10"]
[SourceVersion "1"]
[SourceVersionDate "2023.10.10"]
[SourceQuality "1"]

1. b4 d5 2. Bb2 Nf6 3. e3 Bf5 4. Nf3 e6 5. a3 h6 6. Be2 Nbd7 7. 0-0 Be7 8. c4 0-0 9. Nc3 c6 10. d4 Bd6 11. Qb3 Ne4 12. Rac1 Bg4 13. Qc2 f5 14. h3 Bxf3 15. Bxf3 Qh4 16. Qe2 Rf6 17. cxd5 exd5 18. Nxe4 dxe4 19. Qc4+ Kh7 20. Be2 Nb6 21. Qc2 Rg6 22. Kh1 Nd5 23. Bc4 Nxe3 24. fxe3 Qg3 25. Rf4 Qxe3 26. Rcf1 Bxf4 27. Bc1 Qxd4 28. Bxf4 Rd8 29. Qe2 Rf6 30. Be3 Qd7 31. Qc2 Qc7 32. Bf4 Qe7 33. Bb3 g5 34. Be3 f4 35. Bc5 Qf7 36. Bxf7 1-0

[Event "Titled Tuesday intern op 22nd Aug Late"]
[Site "Chess.com INT"]
[Date "2023.08.22"]
[Round "3"]
[White "Sivakumar, Shaashwath"]
[Black "Kuzmicz, Krystian"]
[Result "0-1"]
[WhiteElo "2207"]
[BlackElo "2466"]
[PlyCount "48"]
[EventDate "2023.08.22"]
[EventType "swiss (blitz)"]
[EventRounds "11"]
[EventCountry "USA"]
[SourceTitle "EXT 2024"]
[Source "ChessBase"]
[SourceDate "2023.10.10"]
[SourceVersion "1"]
[SourceVersionDate "2023.10.10"]
[SourceQuality "1"]

1. d4 g6 2. e4 Bg7 3. Nc3 c6 4. f4 d5 5. e5 Nh6 6. Nf3 Bg4 7. Be3 f6 8. h3 Bxf3 9. Qxf3 0-0 10. Qd1 fxe5 11. fxe5 Nf5 12. Bf2 Bh6 13. Bd3 Ne3 14. Bxe3 Bxe3 15. Qg4 Kg7 16. h4 Qb6 17. Ne2 Qxb2 18. Rd1 Bf2+ 19. Kd2 Qb4+ 20. c3 Qb2+ 21. Bc2 Be3+ 22. Kd3 c5 23. dxc5 Nc6 24. Rb1 Nxe5+ 0-1

[Event "Titled Tuesday intern op 01st Aug Late"]
[Site "Chess.com INT"]
[Date "2023.08.01"]
[Round "5"]
[White "Sivakumar, Shaashwath"]
[Black "Krzyzanowski, Marcin"]
[Result "0-1"]
[WhiteElo "2207"]
[BlackElo "2512"]
[PlyCount "108"]
[EventDate "2023.08.01"]
[EventType "swiss (blitz)"]
[EventRounds "11"]
[EventCountry "USA"]
[SourceTitle "EXT 2024"]
[Source "ChessBase"]
[SourceDate "2023.10.10"]
[SourceVersion "1"]
[SourceVersionDate "2023.10.10"]
[SourceQuality "1"]

1. d4 Nf6 2. Bf4 e6 3. e3 c5 4. c3 Nc6 5. Nf3 b6 6. Nbd2 Bb7 7. Bd3 Be7 8. Qe2 d6 9. e4 h6 10. a3 Rc8 11. h3 cxd4 12. cxd4 0-0 13. 0-0 Nh7 14. Rad1 Ng5 15. e5 dxe5 16. dxe5 Nd4 17. Qe3 Ndxf3+ 18. Nxf3 Nxf3+ 19. gxf3 Bc5 20. Qe2 Qh4 21. Bh2 Qxh3 22. Be4 Bxe4 23. Qxe4 Rcd8 24. b4 Bxf2+ 25. Kxf2 Qxh2+ 26. Ke3 Rc8 27. Qd4 Rc2 28. Qd3 Qxe5+ 29. Qe4 Rc3+ 30. Kf2 Qxe4 31. fxe4 Rxa3 32. Rd7 a5 33. bxa5 bxa5 34. Rc1 h5 35. Rcc7 a4 36. e5 Rb3 37. Ra7 Rb5 38. Rxa4 Rxe5 39. Raa7 Rf5+ 40. Kg3 g6 41. Kh4 Kg7 42. Rdb7 Kf6 43. Rb6 Rf4+ 44. Kg3 g5 45. Rb5 h4+ 46. Kh3 Rd8 47. Ra3 Kg6 48. Rc5 Rfd4 49. Raa5 Rd3+ 50. Kg2 h3+ 51. Kh2 R8d5 52. Rc8 Rxa5 53. Rg8+ Kf5 54. Rxg5+ Kxg5 0-1

[Event "Titled Tuesday intern op 01st Aug Late"]
[Site "Chess.com INT"]
[Date "2023.08.01"]
[Round "7"]
[White "Sivakumar, Shaashwath"]
[Black "Povshednyi, Ivan"]
[Result "0-1"]
[WhiteElo "2207"]
[BlackElo "2223"]
[PlyCount "104"]
[EventDate "2023.08.01"]
[EventType "swiss (blitz)"]
[EventRounds "11"]
[EventCountry "USA"]
[SourceTitle "EXT 2024"]
[Source "ChessBase"]
[SourceDate "2023.10.10"]
[SourceVersion "1"]
[SourceVersionDate "2023.10.10"]
[SourceQuality "1"]

1. d4 Nf6 2. c4 e6 3. Nf3 d5 4. g3 dxc4 5. Bg2 c6 6. 0-0 b5 7. Ne5 Bb7 8. a4 a6 9. b3 cxb3 10. Qxb3 Qxd4 11. Bf4 Qb4 12. Qc2 Qc5 13. Nc3 b4 14. Rab1 Nbd7 15. Nd3 Qc4 16. Qb2 a5 17. Rfc1 Qa6 18. Ne4 Nxe4 19. Bxe4 c5 20. Bxb7 Qxb7 21. Ne5 Nxe5 22. Qxe5 Qd5 23. Qc7 Qd7 24. Qe5 f6 25. Qe4 Qd5 26. Qe3 Kf7 27. Rd1 Qc6 28. Rd2 Be7 29. Qf3 Qxf3 30. exf3 Rhd8 31. Rc2 Rac8 32. Rbc1 Rd3 33. Be3 Ra3 34. Rd1 Rc7 35. f4 Rxa4 36. f5 e5 37. Rcd2 c4 38. Rd7 Rxd7 39. Rxd7 Ra1+ 40. Kg2 Ke8 41. Rc7 c3 42. Bb6 b3 43. Rc8+ Kd7 44. Rc7+ Kd6 45. Rxc3 b2 46. Bc5+ Kd7 47. Rd3+ Ke8 48. Bxe7 Kxe7 49. Rd5 b1Q 50. Kh3 Qxf5+ 51. Kg2 Qe4+ 52. Kh3 Qxd5 0-1

[Event "Sunnyvale Independence Day op"]
[Site "Sunnyvale"]
[Date "2023.07.01"]
[Round "2"]
[White "Sivakumar, Shaashwath"]
[Black "Barros Rivadeneira, Cristhian"]
[Result "0-1"]
[WhiteElo "2242"]
[BlackElo "2322"]
[PlyCount "62"]
[EventDate "2023.06.30"]
[EventType "swiss"]
[EventRounds "9"]
[EventCountry "USA"]
[SourceTitle "EXT 2024"]
[Source "ChessBase"]
[SourceDate "2023.10.10"]
[SourceVersion "1"]
[SourceVersionDate "2023.10.10"]
[SourceQuality "1"]

1. d4 Nf6 2. c4 c5 3. d5 b5 4. cxb5 a6 5. bxa6 d6 6. Nc3 Bxa6 7. Nf3 g6 8. g3 Bg7 9. Bg2 0-0 10. 0-0 Nbd7 11. Rb1 Nb6 12. b3 Ne8 13. Bb2 Nc7 14. Qd2 Bb7 15. e4 f5 16. Ng5 h6 17. Nh3 fxe4 18. Nf4 Qe8 19. Bxe4 g5 20. Bg6 Qd7 21. Nh5 Bd4 22. Ne2 e5 23. Nxd4 exd4 24. f4 Nbxd5 25. fxg5 Qg4 26. h3 Qxh3 27. gxh6 Nc3 28. Rf7 Qh1+ 29. Kf2 Qh2+ 30. Kf1 Ba6+ 31. Ke1 Qg1+ 0-1

[Event "Titled Tuesday intern op 24th Jan Late"]
[Site "Chess.com INT"]
[Date "2023.01.24"]
[Round "6"]
[White "Sivakumar, Shaashwath"]
[Black "Bongo Akanga Ndjila, Barthelemy"]
[Result "1-0"]
[WhiteElo "2197"]
[BlackElo "1811"]
[PlyCount "67"]
[EventDate "2023.01.24"]
[EventType "swiss (blitz)"]
[EventRounds "11"]
[EventCountry "USA"]
[SourceTitle "EXT 2024"]
[Source "ChessBase"]
[SourceDate "2023.10.10"]
[SourceVersion "1"]
[SourceVersionDate "2023.10.10"]
[SourceQuality "1"]

1. d4 d5 2. c4 e6 3. Nc3 Nf6 4. cxd5 exd5 5. Bg5 Nbd7 6. Qc2 c6 7. e3 Bd6 8. Bd3 Qc7 9. Nge2 Nf8 10. Bxf6 gxf6 11. 0-0-0 Be6 12. Kb1 0-0-0 13. Rc1 Kb8 14. Ka1 Nd7 15. Ng3 Nb6 16. Nf5 Bf8 17. Qd2 Nc4 18. Qc2 h5 19. h4 Rg8 20. Ng3 Rh8 21. e4 Bg4 22. exd5 cxd5 23. Nxd5 Rxd5 24. Qxc4 Qxc4 25. Rxc4 Bd6 26. Ne4 Bf4 27. Nxf6 Rd6 28. Nxg4 hxg4 29. g3 Bh6 30. Bf5 Rhd8 31. Rd1 Bg7 32. d5 Rxd5 33. Rxd5 Rxd5 34. Rc8# 1-0

[Event "Titled Tuesday intern op 24th Jan Late"]
[Site "Chess.com INT"]
[Date "2023.01.24"]
[Round "3"]
[White "Sivakumar, Shaashwath"]
[Black "Lee, Linden"]
[Result "0-1"]
[WhiteElo "2197"]
[BlackElo "2026"]
[PlyCount "70"]
[EventDate "2023.01.24"]
[EventType "swiss (blitz)"]
[EventRounds "11"]
[EventCountry "USA"]
[SourceTitle "EXT 2024"]
[Source "ChessBase"]
[SourceDate "2023.10.10"]
[SourceVersion "1"]
[SourceVersionDate "2023.10.10"]
[SourceQuality "1"]

1. d4 d5 2. c4 c6 3. Nf3 Nf6 4. Nc3 e6 5. g3 Nbd7 6. Bg2 a6 7. 0-0 Bd6 8. e4 Nxe4 9. Nxe4 dxe4 10. Ng5 Nf6 11. Nxe4 Nxe4 12. Bxe4 0-0 13. h4 Be7 14. Be3 Bf6 15. Qd3 g6 16. Rad1 Qa5 17. a3 Bg7 18. h5 Qxh5 19. Kg2 Qa5 20. Rh1 f5 21. Bf3 e5 22. dxe5 Qxe5 23. Bf4 Qf6 24. Qd2 Be6 25. Bg5 Qf7 26. b3 Bf6 27. Bxf6 Qxf6 28. Qh6 Qg7 29. Qe3 Rae8 30. Qb6 g5 31. Rd6 g4 32. Bd1 f4 33. Bc2 f3+ 34. Kf1 Bf5 35. Bxf5 Qa1+ 0-1

[Event "Titled Tuesday intern op 24th Jan Late"]
[Site "Chess.com INT"]
[Date "2023.01.24"]
[Round "2"]
[White "Sivakumar, Shaashwath"]
[Black "Vovk, Orest"]
[Result "1-0"]
[WhiteElo "2197"]
[BlackElo "2315"]
[PlyCount "53"]
[EventDate "2023.01.24"]
[EventType "swiss (blitz)"]
[EventRounds "11"]
[EventCountry "USA"]
[SourceTitle "EXT 2024"]
[Source "ChessBase"]
[SourceDate "2023.10.10"]
[SourceVersion "1"]
[SourceVersionDate "2023.10.10"]
[SourceQuality "1"]

1. d4 e5 2. dxe5 Nc6 3. Bf4 Qe7 4. Nf3 Qb4+ 5. Bd2 Qxb2 6. Nc3 Bb4 7. Rb1 Qxc3 8. Bxc3 Bxc3+ 9. Nd2 Nxe5 10. e3 Nf6 11. Rb3 Ba5 12. Rb5 Nc6 13. Bd3 a6 14. Rg5 0-0 15. Qf3 Bc3 16. 0-0 Ne5 17. Qxf6 g6 18. Qe7 f6 19. Rxe5 Bxe5 20. Bc4+ d5 21. Bxd5+ Be6 22. Bxe6+ Kh8 23. Bb3 Rae8 24. Qb4 b5 25. Nf3 Bd6 26. Qa5 c5 27. Qxa6 1-0